[Event "Ruhrgebiet Verbandsklasse Gruppe 1 1819"]
[Site "Nordrheinwestfalen"]
[Date "2019.05.05"]
[Round "9.6"]
[White "Nikolic, Djuro"]
[Black "Schlee, Ulrich"]
[Result "1-0"]
[WhiteElo "1710"]
[BlackElo "1768"]
[PlyCount "77"]
[EventDate "2018.09.23"]
[EventType "team-tourn"]
[EventRounds "9"]
[EventCountry "GER"]
[SourceTitle "EXT 2022"]
[Source "ChessBase"]
[SourceDate "2021.10.06"]
[SourceVersion "1"]
[SourceVersionDate "2021.10.06"]
[SourceQuality "1"]
[WhiteTeam "Bergeborbeck Wacker"]
[BlackTeam "Wattenscheid SV III"]
[WhiteTeamCountry "GER"]
[BlackTeamCountry "GER"]

1. g3 d5 2. Bg2 Nf6 3. c4 e6 4. cxd5 exd5 5. Qb3 c6 6. d3 Bd6 7. Nf3 0-0 8. 0-0 Nbd7 9. Qc2 Ne5 10. b3 Re8 11. Bb2 Qc7 12. Nxe5 Bxe5 13. d4 Bd6 14. e3 Bg4 15. Nc3 Qd7 16. Rac1 Bh3 17. Rfe1 Bxg2 18. Kxg2 Bb4 19. Rf1 Bxc3 20. Bxc3 Ne4 21. Bb4 Ng5 22. Qd1 Qh3+ 23. Kg1 Re6 24. f3 Rae8 25. Bd2 Rh6 26. Qe2 Rg6 27. Qg2 Qe6 28. h4 Nh3+ 29. Kh2 Ng5 30. hxg5 Rxg5 31. f4 Rh5+ 32. Kg1 Qg4 33. Kf2 Rh6 34. Rh1 Ree6 35. Rxh6 gxh6 36. Qf3 Qf5 37. Re1 Qc2 38. Re2 Qg6 39. f5 1-0

[Event "Ruhrgebiet VK3 0910"]
[Site "Ruhrgebiet"]
[Date "2009.12.06"]
[Round "4.8"]
[White "Michalicek, Roland"]
[Black "Nikolic, Djuro"]
[Result "1-0"]
[WhiteElo "1982"]
[BlackElo "1680"]
[PlyCount "85"]
[EventDate "2009.09.06"]
[EventType "team"]
[EventRounds "9"]
[EventCountry "GER"]
[SourceTitle "EXT 2011"]
[Source "ChessBase"]
[SourceDate "2010.11.26"]
[SourceVersion "1"]
[SourceVersionDate "2010.11.26"]
[SourceQuality "1"]
[WhiteTeam "Haltern"]
[BlackTeam "Wacker Bergeborbeck"]
[WhiteTeamCountry "GER"]
[BlackTeamCountry "GER"]

1. e4 c5 2. Nf3 d6 3. d4 g6 4. dxc5 Qa5+ 5. c3 Qxc5 6. Be3 Qc7 7. Na3 a6 8. Nc4 Nd7 9. Be2 b5 10. Ncd2 Bg7 11. a3 Bb7 12. Nd4 Ngf6 13. Qc2 Nc5 14. f3 Nfd7 15. 0-0 0-0 16. Rac1 Rac8 17. c4 bxc4 18. Bxc4 Ne5 19. Be2 Qb8 20. Qb1 Ncd7 21. b4 Rxc1 22. Rxc1 Rc8 23. f4 Nc6 24. Nxc6 Rxc6 25. Rxc6 Bxc6 26. Bxa6 Bb5 27. Bxb5 Qxb5 28. Qf1 Qa4 29. Qd3 Nf6 30. h3 Qd1+ 31. Kf2 Bf8 32. b5 e5 33. fxe5 dxe5 34. b6 Qc1 35. Qd8 Kg7 36. Bh6+ Kxh6 37. Qxf8+ Kh5 38. g4+ Nxg4+ 39. hxg4+ Kxg4 40. Qd6 h5 41. b7 Qc3 42. b8Q Qg3+ 43. Ke2 1-0

[Event "Hessen-ch Seniors op 04th"]
[Site "Bad Sooden-Allendorf"]
[Date "2008.05.02"]
[Round "9"]
[White "Piastowski, Kurt"]
[Black "Nikolic, Djuro"]
[Result "1/2-1/2"]
[WhiteElo "1783"]
[BlackElo "1755"]
[PlyCount "90"]
[EventDate "2008.04.24"]
[EventType "swiss"]
[EventRounds "9"]
[EventCountry "GER"]
[SourceTitle "EXT 2022"]
[Source "ChessBase"]
[SourceDate "2021.10.06"]
[SourceVersion "1"]
[SourceVersionDate "2021.10.06"]
[SourceQuality "1"]

1. d4 f5 2. g3 e6 3. Bg2 Nf6 4. Nf3 Be7 5. c4 c6 6. Nc3 0-0 7. 0-0 d6 8. Re1 Ne4 9. Qb3 Kh8 10. Nd2 d5 11. f3 Nxc3 12. bxc3 Nd7 13. e4 fxe4 14. fxe4 Nb6 15. c5 Nd7 16. e5 b6 17. cxb6 axb6 18. c4 Ba6 19. cxd5 cxd5 20. Bh3 Bg5 21. Bxe6 Bxd2 22. Bxd2 Bc4 23. Qb2 b5 24. Bb4 Re8 25. Bf7 Qb6 26. Bxe8 Rxe8 27. Qf2 h6 28. a3 Qg6 29. Re3 Qg4 30. Rf3 Kg8 31. Rf4 Qg6 32. h3 Qc6 33. Kh2 Qg6 34. Rc1 Qe6 35. Rc3 Qg6 36. Qc2 Qh5 37. Rcf3 Nf6 38. Rf5 Qg6 39. Qf2 Ne4 40. Rf8+ Rxf8 41. Rxf8+ Kh7 42. Qf5 Qxf5 43. Rxf5 Ng5 44. h4 Ne6 45. h5 Nxd4 1/2-1/2

[Event "Hessen-ch Seniors op 04th"]
[Site "Bad Sooden-Allendorf"]
[Date "2008.05.01"]
[Round "8"]
[White "Nikolic, Djuro"]
[Black "Lange, Lutz"]
[Result "1-0"]
[WhiteElo "1755"]
[BlackElo "1695"]
[PlyCount "51"]
[EventDate "2008.04.24"]
[EventType "swiss"]
[EventRounds "9"]
[EventCountry "GER"]
[SourceTitle "EXT 2022"]
[Source "ChessBase"]
[SourceDate "2021.10.06"]
[SourceVersion "1"]
[SourceVersionDate "2021.10.06"]
[SourceQuality "1"]

1. d4 d5 2. c4 c6 3. Bf4 Nf6 4. Nc3 e6 5. Nf3 Nbd7 6. e3 Qa5 7. Qc2 Bb4 8. Nd2 0-0 9. Bd3 h6 10. 0-0 Nh5 11. Bg3 Nxg3 12. fxg3 dxc4 13. Nxc4 Qg5 14. Rae1 Nf6 15. a3 Ba5 16. Nxa5 Qxa5 17. Be2 e5 18. Bc4 Bg4 19. Rxf6 gxf6 20. Qg6+ Kh8 21. Qxh6+ Kg8 22. Qg6+ Kh8 23. Qxg4 e4 24. d5 cxd5 25. Rf1 Qc5 26. Qh4+ 1-0

[Event "Hessen-ch Seniors op 04th"]
[Site "Bad Sooden-Allendorf"]
[Date "2008.04.30"]
[Round "7"]
[White "Fritsche, Rainer"]
[Black "Nikolic, Djuro"]
[Result "0-1"]
[WhiteElo "1358"]
[BlackElo "1755"]
[PlyCount "70"]
[EventDate "2008.04.24"]
[EventType "swiss"]
[EventRounds "9"]
[EventCountry "GER"]
[SourceTitle "EXT 2022"]
[Source "ChessBase"]
[SourceDate "2021.10.06"]
[SourceVersion "1"]
[SourceVersionDate "2021.10.06"]
[SourceQuality "1"]

1. d4 d5 2. Nf3 Bf5 3. Bf4 Nf6 4. Nbd2 e6 5. Ne5 c5 6. c3 cxd4 7. Qa4+ Nbd7 8. Nxd7 Nxd7 9. cxd4 a6 10. Nf3 b5 11. Qd1 Bb4+ 12. Bd2 Qa5 13. Bxb4 Qxb4+ 14. Qd2 Qxd2+ 15. Kxd2 Rc8 16. Rc1 0-0 17. e3 Rxc1 18. Kxc1 Rc8+ 19. Kd1 Rc2 20. Nh4 Rxb2 21. Nxf5 exf5 22. f4 Rxa2 23. h4 Nf6 24. Rh3 Ne4 25. Rf3 b4 26. Ke1 b3 27. Bd3 a5 28. Bxe4 fxe4 29. Rg3 a4 30. Rg5 Kf8 31. Rxd5 a3 32. Rb5 Ra1+ 33. Kd2 b2 34. Kc2 Rc1+ 35. Kd2 b1Q 0-1

[Event "Hessen-ch Seniors op 04th"]
[Site "Bad Sooden-Allendorf"]
[Date "2008.04.29"]
[Round "6"]
[White "Nikolic, Djuro"]
[Black "Walther, Gerd"]
[Result "0-1"]
[WhiteElo "1755"]
[BlackElo "1706"]
[PlyCount "82"]
[EventDate "2008.04.24"]
[EventType "swiss"]
[EventRounds "9"]
[EventCountry "GER"]
[SourceTitle "EXT 2022"]
[Source "ChessBase"]
[SourceDate "2021.10.06"]
[SourceVersion "1"]
[SourceVersionDate "2021.10.06"]
[SourceQuality "1"]

1. Nf3 b6 2. g3 Bb7 3. Bg2 e6 4. c4 c5 5. 0-0 Nf6 6. d3 Be7 7. b3 0-0 8. Bb2 d5 9. e3 Nbd7 10. Qc2 Qc7 11. Nbd2 Rac8 12. Rac1 Rfd8 13. Rfd1 Qb8 14. Qb1 Qa8 15. d4 dxc4 16. bxc4 Ne4 17. Nh4 Nxd2 18. Rxd2 Bxh4 19. Bxb7 Qxb7 20. gxh4 Ne5 21. Rdd1 Nf3+ 22. Kf1 Nxh2+ 23. Kg1 Nf3+ 24. Kf1 Nxh4 25. e4 cxd4 26. Bxd4 Nf3 27. Be3 Qa6 28. Kg2 Nh4+ 29. Kh3 Ng6 30. c5 bxc5 31. Rxc5 e5 32. Kg3 Rxd1 33. Qxd1 h6 34. Rxc8+ Qxc8 35. Bxa7 Qa6 36. Qd8+ Kh7 37. Qd7 Qxa2 38. Be3 Qc4 39. Qd5 Qxd5 40. exd5 Ne7 41. Bc5 Nxd5 0-1

[Event "Hessen-ch Seniors op 04th"]
[Site "Bad Sooden-Allendorf"]
[Date "2008.04.26"]
[Round "3"]
[White "Hoellger, Herbert"]
[Black "Nikolic, Djuro"]
[Result "1-0"]
[WhiteElo "1915"]
[BlackElo "1755"]
[PlyCount "109"]
[EventDate "2008.04.24"]
[EventType "swiss"]
[EventRounds "9"]
[EventCountry "GER"]
[SourceTitle "EXT 2022"]
[Source "ChessBase"]
[SourceDate "2021.10.06"]
[SourceVersion "1"]
[SourceVersionDate "2021.10.06"]
[SourceQuality "1"]

1. d4 d5 2. c4 e6 3. Nc3 Nf6 4. e3 c6 5. Nf3 Nbd7 6. Qc2 Bb4 7. Bd2 0-0 8. Bd3 dxc4 9. Bxc4 Nd5 10. e4 Bxc3 11. bxc3 Ne7 12. Bg5 Nb6 13. Bd3 f6 14. Bc1 Qc7 15. Ba3 Re8 16. 0-0 Ng6 17. e5 f5 18. Bd6 Qd8 19. c4 Qd7 20. a4 Qd8 21. a5 Nd7 22. Qd2 Ndf8 23. Rfb1 Nh4 24. Ne1 h6 25. g3 Nhg6 26. f4 Nh8 27. Nf3 Nf7 28. Bb4 g5 29. Qf2 Ng6 30. Ne1 g4 31. Bf1 h5 32. Ng2 Kg7 33. Rd1 Qc7 34. Ne3 Rh8 35. d5 h4 36. d6 Qd7 37. Bc3 Rh5 38. Bd3 Nh6 39. c5 Kf8 40. Bf1 Ng8 41. Bg2 hxg3 42. hxg3 a6 43. Nc4 Qd8 44. Nb6 Bd7 45. Nxa8 Qxa8 46. Qb2 Rh7 47. Rab1 Bc8 48. Qb6 Rd7 49. Kf2 Ke8 50. Rh1 Rg7 51. Rh5 Nf8 52. Rbh1 Bd7 53. Rh8 Qb8 54. Rb1 Bc8 55. Bxc6+ 1-0

[Event "Hessen-ch Seniors op 04th"]
[Site "Bad Sooden-Allendorf"]
[Date "2008.04.25"]
[Round "2"]
[White "Nikolic, Djuro"]
[Black "Mentel, Juergen"]
[Result "1/2-1/2"]
[WhiteElo "1755"]
[BlackElo "1957"]
[PlyCount "54"]
[EventDate "2008.04.24"]
[EventType "swiss"]
[EventRounds "9"]
[EventCountry "GER"]
[SourceTitle "EXT 2022"]
[Source "ChessBase"]
[SourceDate "2021.10.06"]
[SourceVersion "1"]
[SourceVersionDate "2021.10.06"]
[SourceQuality "1"]

1. Nf3 d6 2. d4 Bg4 3. e4 Nf6 4. Nc3 c6 5. Be2 e6 6. Bg5 Be7 7. e5 dxe5 8. dxe5 Nd5 9. Bxe7 Qxe7 10. Nxd5 exd5 11. Qd4 Bxf3 12. Bxf3 Nd7 13. 0-0-0 Nxe5 14. Rde1 Qg5+ 15. Kb1 f6 16. h4 Qg6 17. Qc5 0-0-0 18. Qxa7 Qf7 19. Re3 Qc7 20. Ra3 Nxf3 21. Rxf3 Rhe8 22. Ra3 Re4 23. Qc5 b6 24. Qc3 Kb7 25. Qd3 b5 26. f3 Ree8 27. Rb3 Qa5 1/2-1/2